000
00325nam a2200145Ia 4500
008
230718s9999 xx 000 0 und d
041
_a
Eng.
082
_a
352
_b
BPP-B
100
_a
Bpp Learning
245
0
_a
Business Taxation
260
_a
Pakistan
_b
Bpp Publisher
_c
2001
300
_a
124
650
_a
Law
999
_c
27320
_d
27320